Smelý zajko v Afrike

Bibliographic Details
Main Author: Hronský, Jozef Cíger, 1896-1960 (Author)
Other Authors: Vodrážka, Jaroslav, 1894-1984 (Illustrator)
Format: Book
Language:Slovak
PhysicalDescription:129, [2] s. ilustr. 8°
Published: Bratislava Mladé letá 1970
Edition:1. vyd.
Subjects:

MARC

LEADER 00000cam a2200000 a 4500
001 vtls008344912
003 SK-MaSNL
005 20260301104605.0
008 230501s1970 xo a b 000 j slo
015 |a SNBA1970/08-01931 
020 |q (viazané) 
035 |a SK01SNK19700037129 
035 |a E4839505-A890-4839-91A9-6401F12F1EB8 
035 |a urn:nbn:sk:snk-am00icxf 
035 |a SKM000039592 
040 |a SNK  |b slo  |c SNK  |e AACR2 
041 0 |a slo 
044 |a xo  |c SK 
080 |a 885.4-1(087.5)  |2 1981 
100 1 |a Hronský, Jozef Cíger,  |d 1896-1960  |4 aut  |9 89812 
245 1 0 |a Smelý zajko v Afrike  |c k obrázkom Jaroslava Vodrážku napísal Jozef Cíger Hronský 
250 |a 1. vyd. 
260 |a Bratislava  |b Mladé letá  |c 1970  |e Martin  |f Tlačiarne SNP 
300 |a 129, [2] s.  |b ilustr.  |c 8° 
366 |e 50000 výtl. 
500 |a Titulná kresba. Frontispice 
521 1 |a Pre čitateľov od 7 rokov 
655 7 |a slovenské rozprávky  |2 SNKPH  |9 70528 
655 7 |a autorské rozprávky  |2 SNKPH  |9 70727 
655 7 |a literatúra pre deti  |2 SNKPH  |9 87135 
700 1 |a Vodrážka, Jaroslav,  |d 1894-1984  |4 ill  |9 107246 
852 |a Slovenská národná knižnica 
954 |a beletria pôvodná (slovenská)  |2 lita 
958 |a LX 
958 |a DB 
958 |a RK 
999 |c 698539  |d 700469 
952 |a SNK  |b SNK  |y PREZ  |7 0  |p 17A0921670  |o snkSC 26334  |i snkKSP 6003/70  |0 0  |1 0  |4 0  |d 2012-08-28  |f 1  |l 0  |r 2026-02-23 20:49:15  |w 2026-02-23 
952 |a SNK  |b SNK  |y PREZ  |7 0  |p 17A0190665  |o snkSC 26334 D1  |0 0  |1 0  |4 0  |d 1999-04-17  |l 0  |r 2005-01-02 00:00:00  |w 2026-02-23 
952 |a SNKLM  |b SNKLM  |y NEVYP  |7 0  |o snklmMK 5865  |8 3  |0 0  |1 0  |4 0  |d 2006-11-09  |l 0  |r 2026-02-23 20:49:15  |w 2026-02-23